000 00300nam a2200133Ia 4500
100 _aRunck/ R.R. ed.
942 _cBK
654 _aTool presetting
245 _aPremachining Planning And Tool Presetting
260 _bAstme
_aMichigan
_c1967
082 _a621.9
300 _a74
546 _aENGLISH
999 _c20381
_d20381